| 000 | 00733nam a2200229Ia 4500 | ||
|---|---|---|---|
| 001 | 9642 | ||
| 003 | GE_BSU | ||
| 008 | 181216s||||||||xx |||||||||||||| ||und|| | ||
| 040 | _cGE_BSU | ||
| 080 | _a821.353.1–32 | ||
| 100 | _aმუმლაძე,კარპე | ||
| 245 | _aყირიმის მიწაზე | ||
| 245 | _bნარკვევი | ||
| 245 | _cრედ. ჯ.ნიქაბაძე.მხატვ.ე.ადამია | ||
| 260 | _aთბილისი | ||
| 260 | _bსაბჭოთა საქართველო | ||
| 260 | _c1971 | ||
| 300 | _a134გვ.ილ.20სმ. | ||
| 653 | _aნარკვევი | ||
| 653 | _aყირიმის მიწაზე | ||
| 942 | _cBK | ||
| 999 |
_c42926 _d42926 |
||